Alles gute!.
Guardado en:
| Formato: | |
|---|---|
| Materias: | |
| Etiquetas: |
Agregar Etiqueta
Sin Etiquetas, Sea el primero en etiquetar este registro!
|
| LEADER | 00785ngm a22001935g 4500 | ||
|---|---|---|---|
| 001 | CEM.cems022110 | ||
| 008 | 130507b1994##################0###0#####d | ||
| 005 | 20241004153006.0 | ||
| 245 | 0 | 0 | |a Alles gute!. |
| 300 | |a 161'. | ||
| 500 | |a En soporte VHS, consultar en ventanilla. | ||
| 505 | 0 | |a 1.Wie heist...?(H0000) 2.Ich mus...!(H0916) 3.Was kostet...?(H1646) 4.Ich bin...!(H2287) 5.Wir haben...(H2830) 6.Wir brauchen...(H3340) 7.Sie drfen...!(H3798) 8.Da war...(H4250) 9.Hast du...?(H4672) 10.Wohin...?(H5046) | |
| 538 | |a Soporte: VHS - Norma: Pal N - Color - Grabación DRD 1994 - Hitachi=0000 | ||
| 082 | 4 | 3 | |/ ALL-1 |
| 653 | |a LENGUA | ||
| 653 | |a IDIOMA | ||
| 653 | |a ALEMAN | ||
| 653 | |a NIVEL SECUNDARIO | ||
| 859 | |a CEMS |b BIB. CEMS - Depto. Recursos Didacticos |h 433 |i ALL-1 |k DRD |p 753.12 |t Ej.1 | ||
